00406nam a22001457a 450000500170000000800410001702000150005804000130007308200200008610000190010624500700012526000460019530000110024154600080025220250109120534.0250109b |||||||| |||| 00| 0 eng d a0907675395 cPK-LaUMT a954.0357bDRA-A aDraper, Alfred aThe Amritsar massacre :btwilight of the raj /cby Alfred Draper aLondon :bAshfor ,Buchan & Enright,c1993 a301 p. aEng